000 01125cab a2200289 4500
001 ABS57635
008 090401t1997 xxu||||| |||| 00| 0 eng d
035 _a(Sirsi) u80837
041 _aeng
100 _aHolloway, D.
245 _aGet live to safe electrics in residential rented property
260 _c1997
350 _a0
490 _aCSM
_bChartered Surveyor Monthly
_v7(1) September 1997, 31(1)
520 _aAdvices surveyors acting as letting and managing agents on the importance of electrical checks following the recent case "Drummond-Rees v Dorset CC" and under the Electrical Equipment (Safety) Regulations 1994 (SI 1994:3260). Checklist.
650 _aDRUMMOND-REES V DORSET CC
650 _aELECTRICAL EQUIPMENT (SAFETY) REGULATIONS ACT 1994
650 _aELECTRICAL SAFETY
650 _aLANDLORDS
650 _aLETTING AGENTS
650 _aMANAGING AGENTS
650 _aProperty management
_96262
650 _aWESTMINSTER CC V SELECT MANAGEMENT LTD
690 _aPROPERTY-RESIDENTIAL PROPERTY-RESIDENTIAL LANDLORD AND TENANT-RESIDENTIAL TENANCIES
942 _n0
948 _c12/09/1997
999 _c50914
_d50914